000 00739nam a2200277 i 4500
001 C2-0261290
003 PPAK
005 20180727230811.0
008 041208s2001 enk |||| ||||| | eng d
020 _a0007635583
040 _aPPAK
_beng
_cPPAK
_erda
082 0 4 _a823
_223
090 0 0 _a823
_bTOL
_dG
100 1 _aTolkien, J.R.R.,
_eauthor
245 1 4 _aThe ring goes east
264 1 _aLondon :
_bHarperCollins Publishers ,
_c2001
300 _a189 pages ;
_c20 cm
336 _2rdacontent
_atext
337 _2rdamedia
_aunmediated
338 _2rdacarrier
_avolume
490 1 _aThe lord of the ring
500 _aThe two tower (Book 4)
650 1 0 _aEnglish fiction
830 0 _aThe lord of the ring
942 _ddc
_cB
999 _c71991
_d71991